A criação e gestão de miniempresas na sala de aula : (Record no. 194307)
[ view plain ]
| 000 -CABECERA | |
|---|---|
| campo de control de longitud fija | 02511nab a2200301 a 4500 |
| 005 - FECHA Y HORA DE LA ÚLTIMA TRANSACCIÓN | |
| campo de control | 20210219163415.0 |
| 008 - ELEMENTOS DE LONGITUD FIJA--INFORMACIÓN GENERAL | |
| campo de control de longitud fija | 991125s1985 mx 000 0 spa u |
| 035 ## - NÚMERO DE CONTROL DEL SISTEMA | |
| Número de control de sistema | UPN01000222210 |
| 049 ## - COLECCIÓN | |
| Colección | ART |
| 100 1# - ASIENTO PRINCIPAL--NOMBRE PERSONAL | |
| Nombre de persona | Imaginário, Susana |
| 100 1# - ASIENTO PRINCIPAL--NOMBRE PERSONAL | |
| Filiación | ssimaginario@ualg.pt |
| 100 1# - ASIENTO PRINCIPAL--NOMBRE PERSONAL | |
| Nombre de persona | Cristo, Eurídice |
| 100 1# - ASIENTO PRINCIPAL--NOMBRE PERSONAL | |
| Nombre de persona | Neves de Jesus, Saul |
| 100 1# - ASIENTO PRINCIPAL--NOMBRE PERSONAL | |
| Nombre de persona | Morais, Fátima |
| 222 #0 - TÍTULO CLAVE | |
| Título clave | AVANCES EN PSICOLOGIA LATINOAMERICANA |
| 245 00 - MENCIÓN DE TÍTULO | |
| Título | A criação e gestão de miniempresas na sala de aula : |
| Resto del título | opiniões dos alunos e professores participantes do Programa Empreender na Escola |
| 260 ## - PUBLICACIÓN, DISTRIBUCIÓN, ETC. | |
| Lugar de publicación, distribución, etc. | Bogotá, Colombia |
| 300 ## - DESCRIPCIÓN FÍSICA | |
| Extensión | 23-42 |
| 362 0# - FECHAS DE PUBLICACIÓN Y/O DESIGNACIÓN SECUENCIAL | |
| Fecha de publicación y/o designación secuencial | 2017 Volumen 35, número 1, enero-abril |
| 520 3# - NOTA DE RESUMEN, ETC. | |
| Sumario, etc. | El Programa Empreender na Escola (Programa Emprender en la Escuela) es un programa de educación que busca la promoción del desarrollo de competencias en el área del emprendimiento a través de la creación y gestión, por parte de los alumnos, de microempresas de “importación/exportación” que funcionan en alianzas comerciales, intercambiando productos entre sí que serán posteriormente comercializados en la comunidad local. Realizado en el ámbito del Programa Estratégico de la “Red de Ciudades y Centros Urbanos para la Competitividad y la Innovación del Corredor Azul”, fue implementado en 12 escuelas de 7 municipios de la región de Alentejo, en Portugal, involucrando 281 alumnos y 27 profesores de primaria y bachillerato, organizados en 18 “empresas” y 9 alianzas comerciales. Recurriendo a una muestra aleatoria de alumnos y profesores participantes, buscamos conocer su opinión sobre el desarrollo del proyecto y sobre su participación a través de un cuestionario desarrollado para tal efecto. Los resultados demostraron que el establecimiento de relaciones interpersonales es un aspecto muy importante para los participantes y que debe ser mantenido y fomentado en programas de este género. Además, debe existir también una reducción de carga burocrática para que al final del primer trimestre las microempresas ya estén en condiciones de comercializar los productos “importados” de la “empresa” aliada |
| 653 0# - TERMINO DE INDIZACION - NO CONTROLADO | |
| Término no controlado | EDUCACION PARA EL EMPRENDIMIENTO |
| 653 0# - TERMINO DE INDIZACION - NO CONTROLADO | |
| Término no controlado | SALON DE CLASES |
| 653 0# - TERMINO DE INDIZACION - NO CONTROLADO | |
| Término no controlado | MICROEMPRESA |
| 856 4# - LOCALIZACIÓN Y ACCESO ELECTRÓNICOS | |
| Identificador Uniforme del Recurso | <a href="http://www.scielo.org.co/pdf/apl/v35n1/v35n1a03.pdf">http://www.scielo.org.co/pdf/apl/v35n1/v35n1a03.pdf</a> |
| 856 4# - LOCALIZACIÓN Y ACCESO ELECTRÓNICOS | |
| Identificador Uniforme del Recurso | <a href="http://www.redalyc.org/articulo.oa?id=79949625003">http://www.redalyc.org/articulo.oa?id=79949625003</a> |
| 856 4# - LOCALIZACIÓN Y ACCESO ELECTRÓNICOS | |
| Identificador Uniforme del Recurso | <a href="Doi: http://dx.doi.org/10.12804/revistas.urosario.edu.co/apl/a.3710">Doi: http://dx.doi.org/10.12804/revistas.urosario.edu.co/apl/a.3710</a> |
| 905 ## - TIPO DE MATERIAL | |
| Tipo de material | Articulo |
No items available.
